000 00796nam a22002537a 4500
005 20170124110040.0
010 _aA-939682
020 _c295.00
_a8120312384
035 _aA-939682
037 _bCen Lib/Ret
040 _aDPL
_bEN
082 _a658.848
_bONK
100 _aOnkvisit, Sak
_923558
245 _aInternational marketing :
_cby Sak Onkvisit [and] John J Shaw
_banalysis and strategy /
250 _a3rd ed
260 _c1998
_aNew Delhi
_bPrintice-Hall of India
270 _bNew Delhi
_aM-97, Cannaught Circus
_e110001
300 _axviii,750p.:
_c25cm(Hb)
_bill.
500 _aIncludes index
650 _aExport marketing
_97864
650 _aExport marketing -- Management
_9102031
700 _aShaw, John J.
_923560
942 _2ddc
_cEN
_h658.848
_mONK
999 _c128485
_d128485